000 00409cam a2200169ua 4500
020 _c3.50
041 _amal
_h
082 _a294.5922
_bMAL/MA
100 _aMali, .
245 _aMali Ramayanam /
_cMali.
_hTextual Documents
260 _aKottayam :
_bSahitya Pravarthaka Co-operative Society ,
_c1962.
300 _a220 ; .
365 _a3.50
504 _a
942 _cBK
999 _c5833
_d5833